书目信息 |
| 题名: |
嵩山诗词一百首
|
|
| 作者: | 张国臣 著 | |
| 分册: | ||
| 出版信息: | 开封 河南大学出版社 2011.07 |
|
| 页数: | 200页 | |
| 开本: | 22cm | |
| 丛书名: | ||
| 单 册: | ||
| 中图分类: | I227 | |
| 科图分类: | ||
| 主题词: | 诗歌--中国 , 韵文--中国 | |
| 电子资源: | ||
| ISBN: | 7-5649-0483-6 | |
| 000 | 00572nam0 2200193 450 | |
| 001 | 1955586131 | |
| 005 | 20190422152708.19 | |
| 010 | @a7-5649-0483-6@dCNY31.00 | |
| 100 | @a20141231d2011 km y0chiy0120 ea | |
| 101 | 0 | @achi |
| 200 | 1 | @a嵩山诗词一百首@Asong shan shi ci yi bai shou@f张国臣著@Fzhang guo chen zhu |
| 210 | @a开封@c河南大学出版社@d2011.07 | |
| 215 | @a200页@d22cm | |
| 606 | 0 | @a诗歌@x中国 |
| 606 | 0 | @a韵文@x中国 |
| 690 | @aI227@v4 | |
| 701 | 0 | @a张国臣@Azhang guo chen@4著 |
| 801 | 0 | @aCN@b大连网信软件有限公司图书馆·11@c20141231 |
| 905 | @aZUCC@dI227@eZ100 | |
| 嵩山诗词一百首/张国臣著.-开封:河南大学出版社,2011.07 |
| 200页;22cm |
| ISBN 7-5649-0483-6:CNY31.00 |
| ● |
| 相关链接 |
|
|
|
正题名:嵩山诗词一百首
索取号:I227/Z100
 
预约/预借
| 序号 | 登录号 | 条形码 | 馆藏地/架位号 | 状态 | 备注 |
| 1 | 1244955 | 212449554 | 文学库108/108文学库 18排11列3层/ [索取号:I227/Z100] | 在馆 | |
| 2 | 1244956 | 212449563 | 文学库108/108文学库 18排11列3层/ [索取号:I227/Z100] | 在馆 |